La Música en la Corte de los Reyes Católicos : IV-2 : Cancionero Musical de Palacio (siglos XV-XVI) : volumen 3-B / edición crítica de los textos por José Romeu Figueras IV-2 :
Publicado:
Barcelona :
Consejo Superior de Investigaciones Científicas. Instituto Español de Musicología ,
1965
Descripción Física:
p. 247 a 610 ; 33 cm
Colección:
Monumentos de la Música Española ; XIV-2
MARC
| LEADER | 00000nam a2200000Ia 4500 | ||
|---|---|---|---|
| 001 | 10378 | ||
| 008 | 160829s1965 xx 000 0 cat d | ||
| 080 | |a B-1-23 | ||
| 100 | |a Romeu i Figueras, Josep |9 32004 | ||
| 245 | |a La Música en la Corte de los Reyes Católicos : |b IV-2 : |b Cancionero Musical de Palacio (siglos XV-XVI) : |b volumen 3-B / edición crítica de los textos por José Romeu Figueras | ||
| 260 | |a Barcelona : |b Consejo Superior de Investigaciones Científicas. Instituto Español de Musicología, |c 1965 | ||
| 300 | |a p. 247 a 610 ; |c 33 cm | ||
| 490 | |a Monumentos de la Música Española ; XIV-2 | ||
| 650 | |a Música |x Espanya |x S. XV/XVI |9 35852 | ||
| 650 | |a Cançoners castellans |9 35853 | ||
| 710 | 2 | |a Consejo Superior de Investigaciones Científicas (CSIC) (Espanya) |9 53988 | |
| 710 | 2 | |a Instituto Español de Musicología |9 54314 | |
| 901 | |a Arxiu | ||
| 942 | |n 1 | ||
| 952 | |0 0 |1 0 |4 0 |6 B123 |7 1 |9 47100 |a Arxiu |b Arxiu |d 2016-12-01 |l 0 |o B-1-23 |p 10378 |r 2016-12-01 00:00:00 |w 2016-12-01 |y ARXIU | ||
| 999 | |c 50894 |d 50894 | ||